« Retourner aux résultats de recherche
homme qui plantait des arbres (L')
| Auteur principal: | Jean Giono |
|---|---|
| D'autres auteurs: | Olivier Desvaux |
| Support: | Livres |
| Langue: | Francais |
| Publié: |
2020 Gallimard jeunesse Paris Cedex 07 |
| Genre: |
Roman enfant |
| Collection: |
|
| Sujets: | |
| Étiquettes: |
Ajouter
Pas de Tags !
|
| LEADER | 00732nam0a2200205 450 | ||
|---|---|---|---|
| 001 | 16835688 | ||
| 010 | |a 978-2-07-509266-1 |d 6,9 | ||
| 100 | |a 20180406d2020 u u0frey01 ba | ||
| 101 | 0 | |a fre | |
| 102 | |a FR | ||
| 200 | 0 | |a homme qui plantait des arbres (L') |f Jean Giono |g illustré par Olivier Desvaux | |
| 207 | 1 | |a | |
| 210 | |a Paris Cedex 07 |b 5, rue Sebastien-Bottin |c Gallimard jeunesse |d 2020 | ||
| 215 | |a 1 vol. ([64] p.) |c ill. en coul., couv. ill. en coul. |d 19 cm | ||
| 225 | 1 | |v 1 | |
| 700 | 0 | |a Giono |b Jean |f 1895-1970 |4 70 | |
| 702 | 0 | |a Desvaux |b Olivier |f 1982-.... |4 440 | |
| 900 | |a Roman enfant | ||
| 901 | |a Accessible au prêt | ||
| 995 | |a Bibliothèque |c Bibliothèque |f 024021218 |h 024021218 |k E C3 GIO |o p |q j |r az |e Bibliothèque | ||
